[Event "DEM U18 2000"]
[Site "Überlingen GER"]
[Date "2000.06.09"]
[Round "8"]
[White "Grafl, Florian"]
[Black "Send, Sebastian"]
[Result "1-0"]
[Termination "normal"]
[Board "2"]
[WhiteElo "2257"]
[BlackElo "2175"]
[PlyCount "117"]
[WhiteFideId "4645715"]
[BlackFideId "4667301"]
[EventCountry "GER"]
[EventRounds "9"]
[EventType "swiss"]
[EventDate "2000.06.03"]

1. e4 c6 2. d4 d5 3. f3 e6 4. Nc3 Nf6 5. Nge2 Be7 6. Be3 Qa5 7. a3 Qb6 8. Rb1
dxe4 9. fxe4 Ng4 10. Bg1 Bg5 11. Qd3 f5 12. e5 O-O 13. h3 Nh6 14. g3 Rd8 15. b4
Nf7 16. Bg2 Qc7 17. Qc4 Nd7 18. Qb3 Rb8 19. Nf4 Nf8 20. Nce2 Re8 21. Qc3 Bd7
22. Nd3 Rbc8 23. Bf2 Ng6 24. O-O Ne7 25. Qb3 Nd5 26. c4 Ne3 27. Bxe3 Bxe3+ 28.
Kh1 b6 29. Ndf4 Bxf4 30. gxf4 Rb8 31. Rbc1 Kh8 32. d5 Rbc8 33. Qe3 c5 34. Rg1
Rg8 35. Qb3 g5 36. d6 Qd8 37. Qe3 Qf8 38. b5 Qg7 39. Bb7 Rcd8 40. Bc6 h5 41. h4
g4 42. Ng3 Qg6 43. Qb3 a5 44. Qb2 Kh7 45. Qg2 Qh6 46. Rgf1 Nh8 47. Bxd7 Rxd7
48. Qc6 Rgg7 49. Qxb6 Ng6 50. Qxc5 Nxh4 51. Qe3 Nf3 52. c5 h4 53. Ne2 h3 54. c6
g3 55. Rxf3 g2+ 56. Kh2 g1=Q+ 57. Rxg1 Rg2+ 58. Rxg2 hxg2+ 59. Kxg2 1-0

[Event "DEM U18 2000"]
[Site "Überlingen GER"]
[Date "2000.06.09"]
[Round "8"]
[White "Pähtz, Thomas jr."]
[Black "Langheinrich, Ferenc"]
[Result "1/2-1/2"]
[Termination "normal"]
[Board "3"]
[WhiteElo "2216"]
[BlackElo "2325"]
[PlyCount "57"]
[WhiteFideId "4636562"]
[BlackFideId "4641973"]
[EventCountry "GER"]
[EventRounds "9"]
[EventType "swiss"]
[EventDate "2000.06.03"]

1. e4 c5 2. Nf3 e6 3. d4 cxd4 4. Nxd4 a6 5. Nc3 b5 6. Bd3 Qb6 7. Nb3 Bb7 8. a4
b4 9. a5 Qc6 10. Ne2 Nf6 11. Ned4 Qc7 12. Qe2 Be7 13. O-O d5 14. e5 Ne4 15. f4
g6 16. Be3 Nd7 17. Bxe4 dxe4 18. c3 bxc3 19. Rfc1 O-O 20. Rxc3 Qb8 21. Qc2 Rc8
22. Rxc8+ Qxc8 23. Rc1 Qe8 24. Nc6 Rc8 25. Nxe7+ Qxe7 26. Qd2 Rxc1+ 27. Nxc1
Qd8 28. Nb3 Bd5 29. Qc3 1/2-1/2

[Event "DEM U18 2000"]
[Site "Überlingen GER"]
[Date "2000.06.09"]
[Round "8"]
[White "Huber, Philipp"]
[Black "Seel, Christian"]
[Result "1/2-1/2"]
[Termination "normal"]
[Board "4"]
[WhiteElo "2252"]
[BlackElo "2176"]
[PlyCount "65"]
[WhiteFideId "4643887"]
[BlackFideId "4663098"]
[EventCountry "GER"]
[EventRounds "9"]
[EventType "swiss"]
[EventDate "2000.06.03"]

1. e4 d5 2. exd5 Qxd5 3. Nc3 Qa5 4. Bc4 c6 5. d3 Nf6 6. Bd2 Qc7 7. h3 Bf5 8.
Qf3 e6 9. Nge2 Nbd7 10. Bf4 Bd6 11. Bxd6 Qxd6 12. Qg3 Qxg3 13. Nxg3 Bg6 14. O-O
Nb6 15. Bb3 Nbd5 16. Nxd5 Nxd5 17. f4 Ne7 18. Rae1 O-O 19. Ne4 a5 20. a4 Nd5
21. g4 Bxe4 22. Rxe4 Rfe8 23. Kg2 b5 24. Kf3 Rab8 25. axb5 cxb5 26. Bxd5 exd5
27. Rxe8+ Rxe8 28. Ra1 a4 29. c3 Kf8 30. b3 d4 31. cxd4 Ra8 32. bxa4 bxa4 33.
Ke4 1/2-1/2

[Event "DEM U18 2000"]
[Site "Überlingen GER"]
[Date "2000.06.09"]
[Round "8"]
[White "Meyer, Malte"]
[Black "Zimmermann, Julian"]
[Result "1/2-1/2"]
[Termination "normal"]
[Board "5"]
[WhiteElo "2180"]
[BlackElo "2180"]
[PlyCount "105"]
[WhiteFideId "4664493"]
[EventCountry "GER"]
[EventRounds "9"]
[EventType "swiss"]
[EventDate "2000.06.03"]

1. d4 Nf6 2. c4 e6 3. Nf3 c5 4. d5 exd5 5. cxd5 d6 6. Nc3 g6 7. e4 Bg7 8. Be2
O-O 9. O-O Bg4 10. h3 Bxf3 11. Bxf3 a6 12. a4 Nbd7 13. Bf4 Qc7 14. Qc2 Rfe8 15.
a5 Rac8 16. Be2 h5 17. Rfe1 Nh7 18. Bg3 Be5 19. f4 Bd4+ 20. Kh1 Nhf6 21. Bc4
Kg7 22. Ra4 Rb8 23. Bd3 b5 24. axb6 Qxb6 25. Re2 Ra8 26. Ra1 Qb4 27. Nd1 a5 28.
Be1 Qb6 29. Ne3 Bxe3 30. Rxe3 c4 31. Re2 cxd3 32. Qxd3 Kg8 33. Bc3 Qc5 34. Rd1
Re7 35. e5 Rae8 36. e6 fxe6 37. Bxf6 Nxf6 38. Qxg6+ Rg7 39. Qxf6 Qc4 40. Rxe6
Rf8 41. Qd4 Rxf4 42. Qxc4 Rxc4 43. Rd2 Rd7 44. Rh6 h4 45. g4 hxg3 46. Rg6+ Rg7
47. Rxg7+ Kxg7 48. Kg2 Re4 49. Kxg3 Re5 50. Kf4 Kh6 51. Kg4 Kg6 52. Rd3 Rg5+
53. Kf3 1/2-1/2

[Event "DEM U18 2000"]
[Site "Überlingen GER"]
[Date "2000.06.09"]
[Round "8"]
[White "Motl, Martin"]
[Black "Gehmlich, Marcel"]
[Result "1-0"]
[Termination "normal"]
[Board "6"]
[WhiteElo "2172"]
[BlackElo "2065"]
[PlyCount "105"]
[WhiteFideId "4667522"]
[BlackFideId "4656474"]
[EventCountry "GER"]
[EventRounds "9"]
[EventType "swiss"]
[EventDate "2000.06.03"]

1. d4 Nf6 2. Nf3 e6 3. Nbd2 c5 4. e3 b6 5. Bd3 Bb7 6. c3 Be7 7. Qe2 d5 8. Ne5
O-O 9. O-O Nc6 10. f4 Nd7 11. Rf3 f5 12. Rh3 Nf6 13. Ndf3 Nxe5 14. Nxe5 Bd6 15.
Bd2 g6 16. Be1 Qc7 17. Bh4 Bxe5 18. fxe5 Ne4 19. Bxe4 dxe4 20. Bf6 c4 21. Rh6
b5 22. Qf2 Bc6 23. Qh4 Be8 24. Qg5 Rf7 25. g4 Rd7 26. gxf5 exf5 27. e6 Rd5 28.
Qh4 f4 29. exf4 Rf5 30. Be5 Qb7 31. d5 g5 32. Qh3 Rxe5 33. fxe5 Qxd5 34. Qe3
Qxe5 35. Re1 Bg6 36. Rxg6+ hxg6 37. Qxe4 Qxe4 38. Rxe4 Kg7 39. Kg2 Kf6 40. Kg3
Re8 41. Kg4 Rh8 42. e7 Re8 43. a4 a6 44. axb5 axb5 45. Re2 Rxe7 46. Rxe7 Kxe7
47. Kxg5 Kf7 48. Kf4 Kf6 49. Ke4 Kg5 50. Kd4 Kg4 51. Kc5 Kh3 52. Kxb5 Kxh2 53.
Kxc4 1-0

[Event "DEM U18 2000"]
[Site "Überlingen GER"]
[Date "2000.06.09"]
[Round "8"]
[White "Regert, Christian"]
[Black "Liebold, Thomas"]
[Result "1/2-1/2"]
[Termination "normal"]
[Board "7"]
[WhiteElo "2010"]
[BlackElo "2157"]
[PlyCount "64"]
[BlackFideId "4652290"]
[EventCountry "GER"]
[EventRounds "9"]
[EventType "swiss"]
[EventDate "2000.06.03"]

1. d4 Nf6 2. c4 c5 3. d5 b5 4. cxb5 a6 5. b6 d6 6. Nc3 Qxb6 7. e4 g6 8. h3 Bg7
9. Bd3 O-O 10. Nf3 Nbd7 11. O-O Bb7 12. Re1 Ne8 13. Nd2 e6 14. Nc4 Qd8 15. Ne3
Nc7 16. Bc4 Qe7 17. Bd2 Rab8 18. Qc2 Nb6 19. Rad1 Qh4 20. b3 Rbe8 21. Qd3 Bd4
22. Qf1 exd5 23. exd5 h5 24. Re2 Re5 25. Nc2 Bxc3 26. Bxc3 Rxe2 27. Bxe2 Nbxd5
28. Ba1 Nf4 29. Ne1 Nce6 30. Bf3 Bxf3 31. Nxf3 Qe7 32. g3 Ng5 1/2-1/2

[Event "DEM U18 2000"]
[Site "Überlingen GER"]
[Date "2000.06.09"]
[Round "8"]
[White "Oberhofer, André"]
[Black "Ewald, Alexander"]
[Result "1/2-1/2"]
[Termination "normal"]
[Board "8"]
[WhiteElo "1991"]
[BlackElo "2134"]
[PlyCount "57"]
[WhiteFideId "24654140"]
[BlackFideId "4662520"]
[EventCountry "GER"]
[EventRounds "9"]
[EventType "swiss"]
[EventDate "2000.06.03"]

1. e4 c5 2. d4 cxd4 3. c3 dxc3 4. Nxc3 a6 5. Nf3 e6 6. Bc4 b5 7. Bb3 Bb7 8. Qe2
d6 9. O-O Nd7 10. Rd1 b4 11. Na4 Ngf6 12. Bg5 Qa5 13. Bxf6 Nxf6 14. e5 Ne4 15.
exd6 Bxd6 16. Rd4 O-O 17. Rxe4 Bxe4 18. Qxe4 Rfd8 19. Re1 Rac8 20. Bc2 g6 21.
b3 Bf8 22. Nb2 Qxa2 23. Nc4 Bg7 24. Ng5 Bf6 25. h4 Bxg5 26. hxg5 Rc5 27. f4 a5
28. Bd1 Qa1 29. Bf3 1/2-1/2

[Event "DEM U18 2000"]
[Site "Überlingen GER"]
[Date "2000.06.09"]
[Round "8"]
[White "Bravo Lutz, Sebastian"]
[Black "Schweigert, Werner"]
[Result "0-1"]
[Termination "normal"]
[Board "9"]
[WhiteElo "2038"]
[BlackElo "1997"]
[PlyCount "60"]
[EventCountry "GER"]
[EventRounds "9"]
[EventType "swiss"]
[EventDate "2000.06.03"]

1. e4 e6 2. d3 d5 3. Qe2 Be7 4. Nf3 Nf6 5. g3 c5 6. Bg2 Nc6 7. O-O b6 8. Re1
Bb7 9. Nbd2 Qc7 10. h4 h6 11. Nf1 O-O-O 12. e5 Nd7 13. c4 dxc4 14. dxc4 Rdg8
15. N1h2 g5 16. hxg5 hxg5 17. Ng4 Rh5 18. Bd2 Rgh8 19. Bc3 Bf8 20. Qe3 Ne7 21.
Kf1 Nf5 22. Qd2 Be7 23. a3 Bc6 24. b4 Qb7 25. Ke2 Nh6 26. Nxh6 R5xh6 27. b5 Be4
28. g4 Rh2 29. Nxh2 Bxg2 30. Rh1 Bxh1 0-1

[Event "DEM U18 2000"]
[Site "Überlingen GER"]
[Date "2000.06.09"]
[Round "8"]
[White "Menzel, Michael"]
[Black "Jauk, Wilhelm"]
[Result "0-1"]
[Termination "normal"]
[Board "10"]
[WhiteElo "1756"]
[BlackElo "1942"]
[PlyCount "104"]
[WhiteFideId "4694732"]
[EventCountry "GER"]
[EventRounds "9"]
[EventType "swiss"]
[EventDate "2000.06.03"]

1. e4 d6 2. d4 Nf6 3. Nc3 g6 4. f4 Bg7 5. Nf3 O-O 6. Bd3 c5 7. dxc5 dxc5 8. Be3
Qa5 9. Qe2 c4 10. Bxc4 Nxe4 11. Bd4 Bxd4 12. Nxd4 Nxc3 13. Qd2 e5 14. Nb5 exf4
15. Nxc3 Re8+ 16. Ne2 Qc7 17. Bd3 Nc6 18. O-O-O Bg4 19. Rde1 f3 20. gxf3 Bxf3
21. Rhf1 Bxe2 22. Rxe2 Rxe2 23. Qxe2 Ne5 24. Be4 Rd8 25. h4 b6 26. Re1 Qc4 27.
Qxc4 Nxc4 28. Bd3 Nd6 29. Re7 a5 30. Kd2 Nf5 31. Re4 Kg7 32. Kc3 Kf6 33. Rc4
Rd6 34. b4 axb4+ 35. Kxb4 h6 36. a4 Ke6 37. Bxf5+ Kxf5 38. Kb5 g5 39. hxg5 hxg5
40. Rc7 f6 41. c4 g4 42. c5 bxc5 43. Kxc5 Rd1 44. Rg7 Ra1 45. Kb5 Kf4 46. a5 f5
47. a6 g3 48. a7 Kf3 49. Kb4 g2 50. Rg5 Rxa7 51. Rxf5+ Kg4 52. Rf8 Rg7 0-1

[Event "DEM U18 2000"]
[Site "Überlingen GER"]
[Date "2000.06.09"]
[Round "8"]
[White "Schinkowski, Christoph"]
[Black "Neyman, Igor"]
[Result "1/2-1/2"]
[Termination "normal"]
[Board "11"]
[WhiteElo "1823"]
[BlackElo "2192"]
[PlyCount "120"]
[WhiteFideId "4686632"]
[EventCountry "GER"]
[EventRounds "9"]
[EventType "swiss"]
[EventDate "2000.06.03"]

1. e4 c5 2. Nf3 e6 3. d3 d5 4. Qe2 Nf6 5. g3 Be7 6. Bg2 Nc6 7. O-O O-O 8. e5
Nd7 9. c4 d4 10. h4 Re8 11. Bf4 f5 12. Nbd2 Nf8 13. Kh1 Qc7 14. Nh2 Ng6 15.
Ndf3 a6 16. Rae1 b5 17. b3 bxc4 18. bxc4 Nxf4 19. gxf4 Rb8 20. Rg1 Bd7 21. Bh3
h6 22. Rg6 Bf8 23. Reg1 Kh8 24. Ng5 Re7 25. Ngf3 Be8 26. R6g3 Rb6 27. Qf1 Rb2
28. Qg2 Rxa2 29. h5 Qb7 30. Nh4 Rc7 31. Bxf5 exf5 32. Nxf5 Nd8 33. Qxb7 Rxb7
34. Nxh6 Bc6+ 35. f3 gxh6 36. Rg8+ Kh7 37. Rxf8 Rbb2 38. Rgg8 Rxh2+ 39. Kg1 Nf7
40. Rg6 Be8 41. Rfg8 Rhg2+ 42. Rxg2 Rxg2+ 43. Rxg2 Nd8 44. Ra2 Ne6 45. Rxa6
Nxf4 46. Ra7+ Kg8 47. Ra6 Bxh5 48. Rxh6 Bg6 49. Rh4 Nxd3 50. f4 Kf7 51. Rg4 Bf5
52. Rh4 Be6 53. Rh7+ Kg6 54. Rc7 Bxc4 55. Rc6+ Kf7 56. Kh2 Bd5 57. Rf6+ Ke7 58.
Kg3 c4 59. Rd6 Nb4 60. Rb6 Nc6 1/2-1/2

[Event "DEM U18 2000"]
[Site "Überlingen GER"]
[Date "2000.06.09"]
[Round "8"]
[White "Luig, Benjamin"]
[Black "Schütze, Tonio"]
[Result "1-0"]
[Termination "normal"]
[Board "12"]
[WhiteElo "1894"]
[BlackElo "1982"]
[PlyCount "35"]
[EventCountry "GER"]
[EventRounds "9"]
[EventType "swiss"]
[EventDate "2000.06.03"]

1. d4 Nf6 2. Nf3 e6 3. c4 c5 4. d5 b5 5. e3 Bb7 6. dxe6 fxe6 7. cxb5 d5 8. b3
Bd6 9. Ng5 Qe7 10. Qc2 O-O 11. e4 h6 12. h4 Be5 13. Nc3 hxg5 14. hxg5 Nxe4 15.
Nxe4 dxe4 16. g6 Bxa1 17. Qe2 Qf6 18. Rh8+ 1-0

[Event "DEM U18 2000"]
[Site "Überlingen GER"]
[Date "2000.06.10"]
[Round "9"]
[White "Philipowski, Robert"]
[Black "Grafl, Florian"]
[Result "0-1"]
[Termination "normal"]
[Board "2"]
[WhiteElo "2272"]
[BlackElo "2257"]
[PlyCount "106"]
[WhiteFideId "4663209"]
[BlackFideId "4645715"]
[EventCountry "GER"]
[EventRounds "9"]
[EventType "swiss"]
[EventDate "2000.06.03"]

1. e4 e5 2. Nf3 Nc6 3. Bb5 f5 4. d3 fxe4 5. dxe4 Nf6 6. O-O Bc5 7. Bc4 d6 8. h3
Qe7 9. Nc3 Bd7 10. Bg5 O-O-O 11. Nd5 Qf8 12. c3 Re8 13. b4 Bb6 14. Nxb6+ axb6
15. Nd2 h6 16. Be3 g5 17. Be2 Qg7 18. Nc4 Nxe4 19. Qd3 Bf5 20. Bg4 Bxg4 21.
hxg4 Qh7 22. Bxb6 cxb6 23. Qxe4 Kc7 24. Qxh7+ Rxh7 25. Rad1 Re6 26. Rd2 b5 27.
Ne3 Ne7 28. Rfd1 h5 29. gxh5 Rxh5 30. Nd5+ Nxd5 31. Rxd5 Kc6 32. f3 g4 33. fxg4
Rh4 34. g5 Rg4 35. R5d3 Rxg5 36. Rf3 Reg6 37. Rd2 e4 38. Re3 d5 39. Rde2 Kd6
40. Rh3 Rg3 41. Rh7 Rxc3 42. Rxb7 Kc6 43. Ra7 Kb6 44. Rd7 Rd3 45. Rc2 Rc6 46.
Rf2 e3 47. Rff7 Rd1+ 48. Kh2 Rh6+ 49. Kg3 e2 50. Rb7+ Kc6 51. Rfc7+ Kd6 52. Re7
Re6 53. Rb6+ Kxe7 0-1

[Event "DEM U18 2000"]
[Site "Überlingen GER"]
[Date "2000.06.10"]
[Round "9"]
[White "Send, Sebastian"]
[Black "Meyer, Malte"]
[Result "1/2-1/2"]
[Termination "normal"]
[Board "4"]
[WhiteElo "2175"]
[BlackElo "2180"]
[PlyCount "41"]
[WhiteFideId "4667301"]
[BlackFideId "4664493"]
[EventCountry "GER"]
[EventRounds "9"]
[EventType "swiss"]
[EventDate "2000.06.03"]

1. e4 e6 2. d4 d5 3. Nc3 Nf6 4. e5 Nfd7 5. Nf3 c5 6. dxc5 Nc6 7. Bf4 Bxc5 8.
Bd3 f6 9. exf6 Qxf6 10. Bg5 Qf7 11. Qe2 O-O 12. O-O-O Nb6 13. Bh4 Qh5 14. Bg3
Bd7 15. Rhe1 Kh8 16. Nb5 Nb4 17. a3 Nxd3+ 18. Qxd3 Nc4 19. Nbd4 b5 20. Ne5 Qh6+
21. Kb1 1/2-1/2

[Event "DEM U18 2000"]
[Site "Überlingen GER"]
[Date "2000.06.10"]
[Round "9"]
[White "Seel, Christian"]
[Black "Motl, Martin"]
[Result "1/2-1/2"]
[Termination "normal"]
[Board "5"]
[WhiteElo "2176"]
[BlackElo "2172"]
[PlyCount "118"]
[WhiteFideId "4663098"]
[BlackFideId "4667522"]
[EventCountry "GER"]
[EventRounds "9"]
[EventType "swiss"]
[EventDate "2000.06.03"]

1. Nf3 g6 2. e4 Bg7 3. d4 d6 4. c4 Nd7 5. Be2 e5 6. Nc3 Ne7 7. Be3 h6 8. g4
exd4 9. Nxd4 Nc5 10. Qd2 Nc6 11. Nxc6 bxc6 12. O-O-O Qe7 13. f4 Nxe4 14. Nxe4
Qxe4 15. Bd3 Qf3 16. f5 gxf5 17. Rde1 Be5 18. gxf5 Kd8 19. Be4 Qh5 20. Bxc6 Rb8
21. b3 Bb7 22. Bxb7 Rxb7 23. Bd4 Bxd4 24. Qxd4 Rg8 25. Qf6+ Kc8 26. Rhg1 Rd8
27. Rg2 c6 28. Rd1 Rbd7 29. Rf2 Qg5+ 30. Qxg5 hxg5 31. f6 d5 32. c5 Rh8 33. Re1
d4 34. Re5 Rd5 35. Rxd5 cxd5 36. b4 Kd7 37. b5 Ke6 38. a4 Rh6 39. a5 Rh3 40.
Kb2 d3 41. b6 Kd7 42. Kc1 Kc6 43. Rb2 d2+ 44. Rxd2 Ra3 45. Rb2 axb6 46. cxb6
Kb7 47. Rb5 Ra1+ 48. Kb2 Rh1 49. Rxd5 Rxh2+ 50. Kb3 Kc6 51. Rxg5 Rf2 52. Rg4
Rxf6 53. Kb4 Kb7 54. Ka4 Rf1 55. Kb5 Rf5+ 56. Kb4 Kc6 57. Rg8 Rb5+ 58. Kc4 Rxa5
59. Rb8 Rf5 1/2-1/2

[Event "DEM U18 2000"]
[Site "Überlingen GER"]
[Date "2000.06.10"]
[Round "9"]
[White "Zimmermann, Julian"]
[Black "Ewald, Alexander"]
[Result "1/2-1/2"]
[Termination "normal"]
[Board "6"]
[WhiteElo "2180"]
[BlackElo "2134"]
[PlyCount "35"]
[BlackFideId "4662520"]
[EventCountry "GER"]
[EventRounds "9"]
[EventType "swiss"]
[EventDate "2000.06.03"]

1. e4 c5 2. Nf3 d6 3. d4 cxd4 4. Nxd4 Nf6 5. Nc3 a6 6. Bc4 e6 7. Bb3 b5 8. Bg5
Be7 9. Qf3 Qc7 10. e5 Bb7 11. exd6 Bxd6 12. Qe3 Bc5 13. Bxf6 gxf6 14. O-O Qb6
15. Rad1 Nd7 16. Bd5 O-O-O 17. Bxb7+ Qxb7 18. Qf3 1/2-1/2

[Event "DEM U18 2000"]
[Site "Überlingen GER"]
[Date "2000.06.10"]
[Round "9"]
[White "Liebold, Thomas"]
[Black "Oberhofer, André"]
[Result "1-0"]
[Termination "normal"]
[Board "7"]
[WhiteElo "2157"]
[BlackElo "1991"]
[PlyCount "52"]
[WhiteFideId "4652290"]
[BlackFideId "24654140"]
[EventCountry "GER"]
[EventRounds "9"]
[EventType "swiss"]
[EventDate "2000.06.03"]

1. e4 e5 2. Nf3 Nc6 3. Bc4 Nf6 4. d3 Be7 5. Nc3 d6 6. Be3 Na5 7. Bb3 Nxb3 8.
axb3 O-O 9. h3 d5 10. exd5 Nxd5 11. O-O Bf6 12. Qd2 b6 13. Rfe1 Bb7 14. Ne4 Re8
15. d4 exd4 16. Nxf6+ Qxf6 17. Bxd4 Qf5 18. Rxa7 Bc6 19. Rxa8 Rxa8 20. Ne5 Nf4
21. Nxc6 Qg5 22. Ne7+ Kh8 23. Bxg7+ Kxg7 24. Qd4+ f6 25. Qe4 Nxh3+ 26. Kf1 Qf4
1-0

[Event "DEM U18 2000"]
[Site "Überlingen GER"]
[Date "2000.06.10"]
[Round "9"]
[White "Jauk, Wilhelm"]
[Black "Regert, Christian"]
[Result "1/2-1/2"]
[Termination "normal"]
[Board "8"]
[WhiteElo "1942"]
[BlackElo "2010"]
[PlyCount "95"]
[EventCountry "GER"]
[EventRounds "9"]
[EventType "swiss"]
[EventDate "2000.06.03"]

1. d4 d5 2. Nf3 e6 3. e3 c5 4. b3 Nf6 5. Bd3 Bd6 6. O-O O-O 7. Bb2 Nbd7 8. Nbd2
b6 9. Ne5 Bb7 10. Rc1 Ne4 11. f3 Nxd2 12. Qxd2 f6 13. Nxd7 Qxd7 14. c4 cxd4 15.
exd4 dxc4 16. Bxc4 Rad8 17. Qe2 Bd5 18. Bb5 Qe7 19. Rc2 Bb8 20. Rd1 Qd6 21. g3
g5 22. Bc1 h5 23. Be3 Kf7 24. f4 g4 25. Rdc1 f5 26. Bc6 Rh8 27. Bxd5 Qxd5 28.
Qg2 h4 29. Qxd5 Rxd5 30. Rc8 Rdd8 31. Rxd8 Rxd8 32. gxh4 Rh8 33. Kg2 Rxh4 34.
Rc8 Bd6 35. Bf2 Rh7 36. Bg3 Kf6 37. Kf2 Rc7 38. Rxc7 Bxc7 39. Bh4+ Kf7 40. Ke3
Ke8 41. Be1 Kd7 42. Bd2 Kc6 43. Kd3 Kd5 44. Be3 Bd6 45. Bf2 Ba3 46. Be3 Bb2 47.
Bf2 Bc1 48. Be3 1/2-1/2

[Event "DEM U18 2000"]
[Site "Überlingen GER"]
[Date "2000.06.10"]
[Round "9"]
[White "Neyman, Igor"]
[Black "Bravo Lutz, Sebastian"]
[Result "1-0"]
[Termination "normal"]
[Board "10"]
[WhiteElo "2192"]
[BlackElo "2038"]
[PlyCount "63"]
[EventCountry "GER"]
[EventRounds "9"]
[EventType "swiss"]
[EventDate "2000.06.03"]

1. d4 g6 2. c4 Bg7 3. e4 d6 4. Be2 Nf6 5. Nc3 O-O 6. Bg5 c6 7. h4 h6 8. Be3 a6
9. Qd2 h5 10. f3 b5 11. Nh3 Nbd7 12. Nf2 Qa5 13. O-O e5 14. d5 cxd5 15. cxd5 b4
16. Ncd1 Nc5 17. Bc4 Nfd7 18. b3 f5 19. Bg5 Qb6 20. Qe3 f4 21. Qe2 a5 22. Nb2
Nf6 23. Kh2 Nh7 24. Nh3 Bf6 25. Bxf6 Bxh3 26. Bxe5 Bxg2 27. Qxg2 dxe5 28. Rg1
Kg7 29. Qf2 Na4 30. Qxb6 Nxb6 31. Bb5 Rf6 32. Nd3 1-0

[Event "DEM U18 2000"]
[Site "Überlingen GER"]
[Date "2000.06.10"]
[Round "9"]
[White "Schütze, Tonio"]
[Black "Menzel, Michael"]
[Result "1/2-1/2"]
[Termination "normal"]
[Board "12"]
[WhiteElo "1982"]
[BlackElo "1756"]
[PlyCount "31"]
[BlackFideId "4694732"]
[EventCountry "GER"]
[EventRounds "9"]
[EventType "swiss"]
[EventDate "2000.06.03"]

1. e4 d5 2. exd5 Qxd5 3. Nc3 Qa5 4. d4 c6 5. Bd2 Qc7 6. Bd3 Nf6 7. h3 g6 8. Nf3
Bg7 9. Qe2 O-O 10. g4 Nbd7 11. Bc4 Re8 12. Ne5 e6 13. f4 c5 14. Be3 a6 15. a4
b6 16. O-O-O 1/2-1/2

[Event "DEM U18w 2000"]
[Site "Überlingen GER"]
[Date "2000.06.04"]
[Round "1"]
[White "Piochacz, Petra"]
[Black "Polushkina, Svetlana"]
[Result "0-1"]
[Termination "normal"]
[Board "2"]
[WhiteElo "1589"]
[BlackElo "2092"]
[PlyCount "108"]
[BlackFideId "4667727"]
[EventCountry "GER"]
[EventRounds "9"]
[EventType "swiss"]
[EventDate "2000.06.03"]

1. e4 c5 2. g3 Nc6 3. Bg2 g6 4. d3 Bg7 5. Nc3 d6 6. Be3 Nf6 7. Qd2 Ng4 8. Nd1
Nxe3 9. Qxe3 Bg4 10. c3 Qa5 11. Qd2 h5 12. Ne3 Bh6 13. f4 Bd7 14. Nf3 e5 15.
Nd5 Qd8 16. Qf2 Rc8 17. Nd2 O-O 18. O-O Be6 19. f5 Bxd5 20. exd5 Ne7 21. fxg6
fxg6 22. Qe2 Nf5 23. Bh3 Rc7 24. Bxf5 gxf5 25. Nc4 Rh7 26. Kh1 b5 27. Ne3 Qg5
28. Ng2 Kh8 29. Rf3 Rhf7 30. Raf1 Qg4 31. Ne3 Bxe3 32. Qxe3 Kg7 33. Qf2 c4 34.
d4 e4 35. Rf4 Qg5 36. Qe2 Kg6 37. h4 Qd8 38. b4 Qa8 39. a3 Qxd5 40. Qe3 a5 41.
Ra1 Kh7 42. Kh2 axb4 43. axb4 Ra8 44. Rff1 Rxa1 45. Rxa1 f4 46. gxf4 Qf5 47.
Rf1 Rg7 48. Re1 d5 49. Qf2 Rg4 50. Rf1 Qf6 51. Kh3 e3 52. Qe1 e2 53. Rh1 Qxf4
54. Qb1+ Kh8 0-1

[Event "DEM U18w 2000"]
[Site "Überlingen GER"]
[Date "2000.06.04"]
[Round "1"]
[White "Umpfenbach, Carolin"]
[Black "Fried, Annika"]
[Result "1-0"]
[Termination "normal"]
[Board "3"]
[WhiteElo "2036"]
[BlackElo "1552"]
[PlyCount "65"]
[WhiteFideId "4655117"]
[EventCountry "GER"]
[EventRounds "9"]
[EventType "swiss"]
[EventDate "2000.06.03"]

1. d4 Nf6 2. c4 g6 3. Nc3 Bg7 4. e4 d6 5. f3 O-O 6. Be3 a6 7. Qd2 Nbd7 8. Nge2
c6 9. a4 e5 10. Nc1 Ne8 11. Nb3 b6 12. Be2 f5 13. exf5 Rxf5 14. O-O Nf8 15. Bd3
Rf7 16. a5 b5 17. cxb5 cxb5 18. Be4 Bb7 19. dxe5 Bxe5 20. Nd5 Nf6 21. Nxf6+
Qxf6 22. Bxb7 Rxb7 23. Rab1 Rc8 24. f4 Bxb2 25. Rxb2 Re7 26. Bd4 Qf5 27. Bb6
Qf6 28. Nd4 Nd7 29. f5 Rf8 30. Nc6 Ree8 31. Qd5+ Qf7 32. Qxd6 Re6 33. Qxe6 1-0

[Event "DEM U18w 2000"]
[Site "Überlingen GER"]
[Date "2000.06.04"]
[Round "1"]
[White "Diehle, Julia"]
[Black "Kouznetsova, Elena"]
[Result "0-1"]
[Termination "normal"]
[Board "4"]
[WhiteElo "1545"]
[BlackElo "2028"]
[PlyCount "50"]
[EventCountry "GER"]
[EventRounds "9"]
[EventType "swiss"]
[EventDate "2000.06.03"]

1. c4 e5 2. g3 Nc6 3. Bg2 f5 4. d3 Nf6 5. Nc3 Bb4 6. e3 Bxc3+ 7. bxc3 d6 8. Ne2
O-O 9. O-O Na5 10. Qa4 c5 11. Rb1 Bd7 12. Qd1 Rb8 13. d4 b6 14. dxe5 dxe5 15.
Bd5+ Kh8 16. Qc2 Qe8 17. f3 Ba4 18. Qd2 Rd8 19. e4 Nxc4 20. Qd3 b5 21. Bg5 h6
22. Bxf6 Rxf6 23. Nc1 fxe4 24. fxe4 Rxf1+ 25. Kxf1 Bc2 0-1

[Event "DEM U18w 2000"]
[Site "Überlingen GER"]
[Date "2000.06.04"]
[Round "1"]
[White "Tepluhina, Katharina"]
[Black "Köster, Sabrina"]
[Result "1-0"]
[Termination "normal"]
[Board "5"]
[WhiteElo "1935"]
[BlackElo "1545"]
[PlyCount "79"]
[EventCountry "GER"]
[EventRounds "9"]
[EventType "swiss"]
[EventDate "2000.06.03"]

1. e4 e5 2. Nf3 Nc6 3. d4 exd4 4. Nxd4 Bc5 5. Be3 Qf6 6. c3 Qg6 7. Be2 Bxd4 8.
Bxd4 Nxd4 9. cxd4 Qxg2 10. Bf3 Qg6 11. Nc3 Ne7 12. Qd2 Qf6 13. Qe3 c6 14. O-O-O
Ng6 15. Ne2 Nh4 16. Bg4 d6 17. Rhg1 h5 18. Bxc8 Rxc8 19. f4 Ng6 20. Rg5 Ne7 21.
Rdg1 g6 22. Kb1 Kf8 23. Qf3 d5 24. e5 Qe6 25. Qa3 a6 26. f5 gxf5 27. Nf4 Qd7
28. Nxh5 Qe6 29. Nf6 c5 30. dxc5 Rc6 31. Qa5 Qc8 32. Qb4 Ng6 33. Qd4 Rxc5 34.
Nd7+ Qxd7 35. Qxc5+ Ke8 36. Qf2 Qe6 37. Rf1 Nxe5 38. Rxf5 Qg6 39. Qc2 Nd7 40.
Qc8+ 1-0

[Event "DEM U18w 2000"]
[Site "Überlingen GER"]
[Date "2000.06.04"]
[Round "1"]
[White "Mädel, Katja"]
[Black "Klawonn, Malin"]
[Result "0-1"]
[Termination "normal"]
[Board "6"]
[WhiteElo "1515"]
[BlackElo "1922"]
[PlyCount "32"]
[EventCountry "GER"]
[EventRounds "9"]
[EventType "swiss"]
[EventDate "2000.06.03"]

1. e4 c5 2. f4 Nc6 3. Nf3 e6 4. d3 Nge7 5. Be3 d6 6. Be2 g6 7. Nbd2 Bg7 8. c3
b5 9. O-O O-O 10. Qc2 b4 11. Rf2 Ba6 12. Re1 bxc3 13. bxc3 Qa5 14. d4 cxd4 15.
Nb3 Qa4 16. Bxa6 dxe3 0-1

[Event "DEM U18w 2000"]
[Site "Überlingen GER"]
[Date "2000.06.04"]
[Round "1"]
[White "Rezai-Perdomo, Yuanné"]
[Black "Goerke, Marina"]
[Result "1/2-1/2"]
[Termination "normal"]
[Board "7"]
[WhiteElo "1793"]
[BlackElo "1502"]
[PlyCount "24"]
[EventCountry "GER"]
[EventRounds "9"]
[EventType "swiss"]
[EventDate "2000.06.03"]

1. e4 d6 2. d4 Nf6 3. Nc3 g6 4. Be3 Bg7 5. Qd2 O-O 6. O-O-O Nc6 7. f3 e5 8. d5
Nd4 9. Bxd4 exd4 10. Nce2 c5 11. dxc6 bxc6 12. Nxd4 Qb6 1/2-1/2